000
00316nam a2200121Ia 4500
005
20251222144717.0
008
251222s9999||||xx |||||||||||||| ||spa||
082
_a
510.332/D67
100
_a
Dias Mosto, Jorge
245
0
_a
Matemáticas Financieras y Aplicaciones de Contabilidad
264
_b
Universo
942
_c
LIB
999
_c
18074
_d
18074